La venus de las pieles y otros relatos / (Record no. 136403)

MARC details
000 -LEADER
campo de control de longitud fija 00721nam a2200205 4500
001 - NÚMERO DE CONTROL
campo de control 136403
003 - IDENTIFICADOR DE NÚMERO DE CONTROL
campo de control ES-MaACL
005 - FECHA Y HORA DE LA ÚLTIMA TRANSACCIÓN
campo de control 20251221202652.0
007 - CAMPO FIJO DE DESCRIPCIÓN FÍSICA--INFORMACIÓN GENERAL
campo de control de longitud fija t|
008 - DATOS DE LONGITUD FIJA--INFORMACIÓN GENERAL
campo de control de longitud fija 070214s1970 sp r ||||1| spa d
100 1# - ENTRADA PRINCIPAL--NOMBRE DE PERSONA
Nombre de persona Sacher-Masoch, Leopold von,
Fechas asociadas al nombre 1836-1895
9 (RLIN) 242637
245 13 - MENCIÓN DEL TÍTULO
Título La venus de las pieles y otros relatos /
Mención de responsabilidad, etc. Leopold Sacher-Masoch ; traducción del alemán por Juan Díaz, Salota Trowsky ; prólogo de Emiliano M. Aguilera.
260 ## - PUBLICACIÓN, DISTRIBUCIÓN, ETC.
Lugar de publicación, distribución, etc. Barcelona :
Nombre del editor, distribuidor, etc. Iberia,
Fecha de publicación, distribución, etc. 1970.
300 ## - DESCRIPCIÓN FÍSICA
Extensión XV, 209 p. ;
Dimensiones 18 cm.
700 1# - ENTRADA AGREGADA--NOMBRE PERSONAL
Nombre de persona Díaz, Juan.
9 (RLIN) 44139
700 1# - ENTRADA AGREGADA--NOMBRE PERSONAL
Nombre de persona Trowsky, Salota.
9 (RLIN) 111527
700 1# - ENTRADA AGREGADA--NOMBRE PERSONAL
Nombre de persona Aguilera, Emiliano M.
9 (RLIN) 18758
852 ## - LOCALIZACIÓN
Ubicación ES-MaACL
Número de control de estantería C-40394
Sublocalización o colección R.75854
Holdings
Estatus retirado Estado de pérdida Estado de daño No para préstamo Biblioteca de origen Biblioteca actual Ubicación en estantería Fecha de adquisición Fuente de adquisición Total de préstamos Signatura topográfica completa Código de barras Visto por última vez Precio de reemplazo Tipo de ítem Koha
        Biblioteca del Ateneo de Madrid Biblioteca del Ateneo de Madrid Depósito 2 17/01/2008     C-40394 1141960 23/02/2023 23/02/2023 Libro impreso